| 000 | 02251nam a2200277 a 4500 | ||
|---|---|---|---|
| 001 | ASIN1118018540 | ||
| 003 | OSt | ||
| 005 | 20180116192420.0 | ||
| 008 | 140128s2012 xxu eng d | ||
| 020 |
_a1118018540 (hardcover) _c$85.00 |
||
| 020 | _a9781118018545 (hardcover) | ||
| 040 | _cSADA | ||
| 050 | 0 | 4 | _aTJ163.5.B84 |
| 082 | 0 | 4 | _a690.520286 |
| 100 | 1 |
_aHootman, Thomas. _97277 |
|
| 245 | 1 | 0 |
_aNet zero energy design : _ba guide for commercial architecture / _cThomas Hootman. |
| 250 | _a1st ed. | ||
| 260 |
_a[S.l.] : _bWiley, _c2012. |
||
| 300 |
_a464 p. ; _c28 cm. |
||
| 520 | _aConveniently organized and packed with robust technical content and clear explanations of key principles Written by an architect who is the director of sustainability at a global architecture firm, Net Zero Energy Design is a practical guide for architects and related construction professionals who want to design and build net zero energy commercial architecture. It offers no-nonsense strategies, step-by-step technical analysis, and valuable examples, in addition to developed case studies. With a focus on application in a variety of building types and scales, the book also develops a broad-based understanding of all the integrated principles involved in achieving net zero energy. This book is an indispensable resource for anyone venturing into net zero energy design, construction, and operation, and it also serves as an excellent resource on a variety of sustainable design topics. Important features include: Organization based upon the commercial building delivery process Robust technical content for use in actual project applications Analysis examples that demonstrate key technical principles Plenty of design data for use as a valuable design resource Abundant and sophisticated information graphics and color illustrations and photographs A distinct design focus on the content that inspires adoption of principles into projects. | ||
| 650 | 0 |
_aArchitecture and energy conservation _97278 |
|
| 650 | 0 |
_aCommercial buildings--Energy conservation _97279 |
|
| 650 | 0 |
_aCommercial buildings--Environmental aspects _97280 |
|
| 856 | 4 | 0 |
_3Amazon.com _uhttp://www.amazon.com/exec/obidos/ASIN/1118018540/chopaconline-20 |
| 942 |
_2ddc _cBK |
||
| 999 |
_c353884 _d353884 |
||